Mensaje de amor y de redención (Record no. 124017)

MARC details
000 -LEADER
campo de control de longitud fija 00711nam a2200157 4500
001 - NÚMERO DE CONTROL
campo de control 124017
003 - IDENTIFICADOR DE NÚMERO DE CONTROL
campo de control ES-MaACL
005 - FECHA Y HORA DE LA ÚLTIMA TRANSACCIÓN
campo de control 20230906192310.0
007 - CAMPO FIJO DE DESCRIPCIÓN FÍSICA--INFORMACIÓN GENERAL
campo de control de longitud fija t|
008 - DATOS DE LONGITUD FIJA--INFORMACIÓN GENERAL
campo de control de longitud fija 070214s1973 sp r ||||1| spa d
100 1# - ENTRADA PRINCIPAL--NOMBRE DE PERSONA
Nombre de persona Ramo Latorre, Mariano.
9 (RLIN) 95199
245 10 - MENCIÓN DEL TÍTULO
Título Mensaje de amor y de redención
Resto del título : el siervo de Dios P. Luis Amigó Ferrer, religioso capuchino, fundador de la Religiosas Terciarias Capuchinas de la Sagrada Familia y de los Terciarios Capuchinos de Nuestra Señora de los Dolores, Obispo de Solsona y de Segorbe /
Mención de responsabilidad, etc. P. Mariano Ramo Latorre.
260 ## - PUBLICACIÓN, DISTRIBUCIÓN, ETC.
Lugar de publicación, distribución, etc. Valencia :
Nombre del editor, distribuidor, etc. [s. n.],
Fecha de publicación, distribución, etc. 1973 (
Fabricante Imp. J. Domenech)
300 ## - DESCRIPCIÓN FÍSICA
Extensión 334 p., 1 lám. :
Otras características físicas il. ;
Dimensiones 22 cm.
852 ## - LOCALIZACIÓN
Ubicación ES-MaACL
Número de control de estantería C-53925
Sublocalización o colección R.86649
Holdings
Estatus retirado Estado de pérdida Estado de daño No para préstamo Biblioteca de origen Biblioteca actual Ubicación en estantería Fecha de adquisición Fuente de adquisición Total de préstamos Signatura topográfica completa Código de barras Visto por última vez Precio de reemplazo Tipo de ítem Koha
        Biblioteca del Ateneo de Madrid Biblioteca del Ateneo de Madrid Depósito 2 17/01/2008     C-53925 1129205 23/02/2023 23/02/2023 Libro impreso